Statistics for Countries of Iberia in 1200 AC

Click here to take the quiz!

General Stats

  • This quiz has been taken 29 times
  • The average score is 4 of 6

Answer Stats

Answer% Correct
Kingdom of Aragon
89%
Kingdom of Portugal
82%
Kingdom of Castille
71%
Kingdom of Leon
71%
Kingdom of Navarre
64%
Almohad Caliphat
32%

Score Distribution

Percentile by Number Answered

Percent of People with Each Score

Your Score History

You have not taken this quiz